Trapped within welfare: Surviving social work (Record no. 34965)

MARC details
000 -LEADER
fixed length control field 00284nam a2200109Ia 4500
082 ## - DEWEY DECIMAL CLASSIFICATION NUMBER
Classification number 362
Item number SIM
100 ## - MAIN ENTRY--AUTHOR NAME
Personal name SIMPKIN, Mike
245 #0 - TITLE STATEMENT
Title Trapped within welfare: Surviving social work
260 ## - PUBLICATION, DISTRIBUTION, ETC. (IMPRINT)
Place of publication London
Name of publisher Macmillan
Year of publication 1979
942 ## - ADDED ENTRY ELEMENTS (KOHA)
Koha item type Books
Holdings
Withdrawn status Lost status Damaged status Not for loan Home library Current library Date acquired Full call number Accession Number Koha item type
        RRII Library RRII Library 16/12/2021 362 SIM 15392 Books